[Event "Kupreichik Memorial Open 2018"]
[Site "Minsk"]
[Date "2018.06.22"]
[Round "5"]
[White "Svjatocho, Andrej"]
[Black "Badelka, Olga"]
[Result "0-1"]
[WhiteElo "1979"]
[BlackElo "2153"]
[Annotator "NA"]
[PlyCount "92"]
[EventDate "2018.06.21"]
[EventCountry "BLR"]
[SourceTitle "playchess.com"]
[Source "ChessBase"]
[SourceQuality "1"]
[TimeControl "900+10"]

1. e4 {[%emt 0:00:05]} c5 {[%emt 0:00:01]} 2. Nf3 {[%emt 0:00:07]} Nc6 {[%emt 0:00:01]} 3. Bb5 {[%emt 0:00:03]} e6 {[%emt 0:00:02]} 4. O-O {[%emt 0:00:05]} Nge7 {[%emt 0:00:02]} 5. Re1 {[%emt 0:00:04]} Nd4 {[%emt 0:00:01]} 6. Bf1 {[%emt 0:00:12]} Nxf3+ {[%emt 0:00:05]} 7. Qxf3 {[%emt 0:00:04]} Nc6 {[%emt 0:00:01]} 8. c3 {[%emt 0:00:16]} Be7 {[%emt 0:00:07]} 9. d3 {[%emt 0:00:21]} e5 {[%emt 0:00:07]} 10. Be3 {[%emt 0:00:31]} d6 {[%emt 0:00:11]} 11. Nd2 {[%emt 0:00:06]} O-O {[%emt 0:00:05]} 12. Qe2 {[%emt 0:00:24]} f5 {[%emt 0:00:39]} 13. f3 {[%emt 0:00:15]} f4 {[%emt 0:02:08]} 14. Bf2 {[%emt 0:00:03]} Bh4 {[%emt 0:00:19]} 15. Bxh4 {[%emt 0:02:02]} Qxh4 {[%emt 0:00:04]} 16. Qf2 {[%emt 0:00:04]} Qf6 {[%emt 0:00:12]} 17. a3 {[%emt 0:01:04]} b6 {[%emt 0:00:22]} 18. b4 {[%emt 0:00:44]} g5 {[%emt 0:00:06]} 19. b5 {[%emt 0:00:47]} Ne7 {[%emt 0:01:05]} 20. d4 {[%emt 0:00:22]} g4 {[%emt 0:00:47]} 21. Bc4+ {[%emt 0:00:47]} Kh8 {[%emt 0:00:02]} 22. Bd5 {[%emt 0:00:11]} Rb8 {[%emt 0:00:07]} 23. dxe5 {[%emt 0:01:32]} dxe5 {[%emt 0:00:01]} 24. fxg4 {[%emt 0:00:06]} Bxg4 {[%emt 0:00:06]} 25. Nf3 {[%emt 0:00:05]} Ng6 {[%emt 0:00:43]} 26. Rad1 {[%emt 0:00:16]} Rbc8 {[%emt 0:00:16]} 27. Rd3 {[%emt 0:00:55]} Rc7 {[%emt 0:01:03]} 28. Red1 {[%emt 0:00:20]} Rg7 {[%emt 0:00:21]} 29. Kh1 {[%emt 0:00:41]} Rd8 {[%emt 0:05:05]} 30. Bc4 {[%emt 0:03:21]} Rxd3 {[%emt 0:00:43]} 31. Rxd3 {[%emt 0:00:03]} Bxf3 {[%emt 0:01:12]} 32. Qxf3 {[%emt 0:01:13]} h6 {[%emt 0:00:51]} 33. Qh5 {[%emt 0:00:46]} Kh7 {[%emt 0:01:06]} 34. Qf5 {[%emt 0:01:00]} Qh4 {[%emt 0:01:47]} 35. g3 {[%emt 0:00:01]} Qg5 {[%emt 0:00:14]} 36. Rd7 {[%emt 0:01:09]} Qxf5 {[%emt 0:00:15]} 37. Rxg7+ {[%emt 0:00:02]} Kxg7 {[%emt 0:00:00]} 38. exf5 {[%emt 0:00:03]} Ne7 {[%emt 0:00:05]} 39. g4 {[%emt 0:00:07]} Kf6 {[%emt 0:00:14]} 40. Kg2 {[%emt 0:00:02]} e4 {[%emt 0:00:05]} 41. Be6 {[%emt 0:00:22]} Ke5 {[%emt 0:00:34]} 42. h4 {[%emt 0:00:06]} f3+ {[%emt 0:00:35]} 43. Kg3 {[%emt 0:00:06]} h5 {[%emt 0:00:05]} 44. Bc4 {[%emt 0:00:56]} hxg4 {[%emt 0:00:03]} 45. Kxg4 {[%emt 0:00:02]} Nxf5 {[%emt 0:00:03]} 46. Bf1 {[%emt 0:00:09]} Ne3+ {[%emt 0:00:03]} 0-1

[Event "Kupreichik Memorial Open 2018"]
[Site "Minsk"]
[Date "2018.06.22"]
[Round "5"]
[White "Zhukovskij, Viktor"]
[Black "Arlou, Valery"]
[Result "1-0"]
[WhiteElo "1973"]
[BlackElo "1743"]
[Annotator "NA"]
[PlyCount "89"]
[EventDate "2018.06.21"]
[EventCountry "BLR"]
[SourceTitle "playchess.com"]
[Source "ChessBase"]
[SourceQuality "1"]
[TimeControl "900+10"]

1. e4 {[%emt 0:00:00]} g6 {[%emt 0:01:57]} 2. d4 {[%emt 0:00:00]} Bg7 {[%emt 0:00:01]} 3. Nc3 {[%emt 0:00:00]} d6 {[%emt 0:00:02]} 4. Be3 {[%emt 0:00:00]} e5 {[%emt 0:00:02]} 5. dxe5 {[%emt 0:00:44]} Bxe5 {[%emt 0:00:02]} 6. f4 {[%emt 0:00:04]} Bg7 {[%emt 0:00:07]} 7. Nf3 {[%emt 0:00:06]} Ne7 {[%emt 0:00:07]} 8. Bd4 {[%emt 0:01:26]} Bxd4 {[%emt 0:00:11]} 9. Qxd4 {[%emt 0:00:04]} O-O {[%emt 0:00:10]} 10. h4 {[%emt 0:01:17]} Nbc6 {[%emt 0:00:02]} 11. Qf6 {[%emt 0:00:10]} Nb4 {[%emt 0:02:01]} 12. O-O-O {[%emt 0:00:32]} Nec6 {[%emt 0:00:02]} 13. Qxd8 {[%emt 0:00:23]} Nxd8 {[%emt 0:00:39]} 14. a3 {[%emt 0:00:03]} Nbc6 {[%emt 0:00:04]} 15. Nd5 {[%emt 0:00:06]} Ne6 {[%emt 0:01:38]} 16. f5 {[%emt 0:02:42]} Nc5 {[%emt 0:00:31]} 17. Nxc7 {[%emt 0:00:32]} Rb8 {[%emt 0:00:02]} 18. fxg6 {[%emt 0:00:57]} hxg6 {[%emt 0:00:25]} 19. Bd3 {[%emt 0:00:46]} Be6 {[%emt 0:04:12]} 20. b4 {[%emt 0:01:12]} Nxd3+ {[%emt 0:02:19]} 21. Rxd3 {[%emt 0:00:27]} Rbd8 {[%emt 0:00:42]} 22. Nxe6 {[%emt 0:01:12]} fxe6 {[%emt 0:00:03]} 23. Rhd1 {[%emt 0:00:01]} Rf4 {[%emt 0:00:23]} 24. Ng5 {[%emt 0:00:43]} Rxh4 {[%emt 0:00:28]} 25. Nxe6 {[%emt 0:00:05]} Re8 {[%emt 0:00:30]} 26. Rxd6 {[%emt 0:00:04]} Rxe4 {[%emt 0:00:52]} 27. Nc5 {[%emt 0:00:20]} R4e7 {[%emt 0:00:12]} 28. Rxg6+ {[%emt 0:00:09]} Kf7 {[%emt 0:00:13]} 29. Rg3 {[%emt 0:00:01]} Re1 {[%emt 0:00:50]} 30. Nxb7 {[%emt 0:00:41]} Nd4 {[%emt 0:00:36]} 31. Nd6+ {[%emt 0:00:11]} Kf8 {[%emt 0:00:30]} 32. Nxe8 {[%emt 0:01:26]} Ne2+ {[%emt 0:00:02]} 33. Kd2 {[%emt 0:00:01]} Rxd1+ {[%emt 0:00:03]} 34. Kxd1 {[%emt 0:00:00]} Nxg3 {[%emt 0:00:02]} 35. Nd6 {[%emt 0:00:05]} Kg7 {[%emt 0:00:30]} 36. Nb5 {[%emt 0:00:02]} a6 {[%emt 0:00:06]} 37. Nc7 {[%emt 0:00:01]} Ne4 {[%emt 0:00:15]} 38. Nxa6 {[%emt 0:00:08]} Nc3+ {[%emt 0:00:09]} 39. Kc1 {[%emt 0:00:02]} Kf6 {[%emt 0:00:08]} 40. Kb2 {[%emt 0:00:01]} Nd5 {[%emt 0:00:02]} 41. c4 {[%emt 0:00:01]} Nb6 {[%emt 0:00:02]} 42. c5 {[%emt 0:00:03]} Nc4+ {[%emt 0:00:08]} 43. Kb3 {[%emt 0:00:02]} Ne3 {[%emt 0:00:02]} 44. b5 {[%emt 0:00:06]} Ke7 {[%emt 0:00:06]} 45. b6 {[%emt 0:00:03]} 1-0

[Event "Kupreichik Memorial Open 2018"]
[Site "Minsk"]
[Date "2018.06.22"]
[Round "5"]
[White "Artsiomau, Stanislau"]
[Black "Yurau, Maksim"]
[Result "0-1"]
[WhiteElo "1954"]
[BlackElo "1694"]
[Annotator "NA"]
[PlyCount "74"]
[EventDate "2018.06.21"]
[EventCountry "BLR"]
[SourceTitle "playchess.com"]
[Source "ChessBase"]
[SourceQuality "1"]
[TimeControl "900+10"]

1. e4 {[%emt 0:00:00]} c5 {[%emt 0:00:01]} 2. d3 {[%emt 0:00:00]} Nc6 {[%emt 0:00:02]} 3. g3 {[%emt 0:00:03]} Nf6 {[%emt 0:00:02]} 4. Bg2 {[%emt 0:00:02]} e6 {[%emt 0:00:07]} 5. Nf3 {[%emt 0:00:17]} d5 {[%emt 0:00:05]} 6. e5 {[%emt 0:00:17]} Nd7 {[%emt 0:00:06]} 7. Qe2 {[%emt 0:00:13]} Be7 {[%emt 0:00:46]} 8. O-O {[%emt 0:00:05]} O-O {[%emt 0:00:03]} 9. Bf4 {[%emt 0:00:34]} Rb8 {[%emt 0:00:45]} 10. h4 {[%emt 0:00:04]} b5 {[%emt 0:00:02]} 11. Nbd2 {[%emt 0:00:13]} a5 {[%emt 0:00:14]} 12. Bh3 {[%emt 0:00:31]} Ba6 {[%emt 0:00:44]} 13. c3 {[%emt 0:02:12]} Nb6 {[%emt 0:02:18]} 14. Ng5 {[%emt 0:00:15]} h6 {[%emt 0:00:38]} 15. Nxf7 {[%emt 0:01:14]} Kxf7 {[%emt 0:02:57]} 16. Qh5+ {[%emt 0:00:03]} g6 {[%emt 0:00:39]} 17. Qxh6 {[%emt 0:00:28]} Rh8 {[%emt 0:00:45]} 18. Bxe6+ {[%emt 0:00:02]} Kxe6 {[%emt 0:00:01]} 19. Qxg6+ {[%emt 0:00:01]} Kd7 {[%emt 0:00:03]} 20. Rfd1 {[%emt 0:05:45]} Kc7 {[%emt 0:01:54]} 21. b4 {[%emt 0:01:09]} Qg8 {[%emt 0:02:29]} 22. Qxg8 {[%emt 0:02:08]} Rbxg8 {[%emt 0:00:03]} 23. bxc5 {[%emt 0:00:19]} Bxc5 {[%emt 0:00:08]} 24. Nb3 {[%emt 0:00:02]} Be7 {[%emt 0:00:14]} 25. Kf1 {[%emt 0:00:21]} a4 {[%emt 0:00:37]} 26. Nd4 {[%emt 0:00:12]} Nxd4 {[%emt 0:00:11]} 27. cxd4 {[%emt 0:00:01]} Kb7 {[%emt 0:00:13]} 28. Ke2 {[%emt 0:00:14]} Rc8 {[%emt 0:00:02]} 29. Rac1 {[%emt 0:00:01]} Ba3 {[%emt 0:00:18]} 30. Rxc8 {[%emt 0:00:03]} Rxc8 {[%emt 0:00:02]} 31. h5 {[%emt 0:00:01]} b4 {[%emt 0:01:09]} 32. h6 {[%emt 0:00:10]} b3 {[%emt 0:00:26]} 33. axb3 {[%emt 0:00:01]} axb3 {[%emt 0:00:02]} 34. e6 {[%emt 0:00:33]} Na4 {[%emt 0:01:07]} 35. Bd2 {[%emt 0:01:01]} Nb2 {[%emt 0:00:59]} 36. Rh1 {[%emt 0:00:11]} Bxd3+ {[%emt 0:00:03]} 37. Ke3 {[%emt 0:00:01]} Be4 {[%emt 0:00:28]} 0-1

[Event "Kupreichik Memorial Open 2018"]
[Site "Minsk"]
[Date "2018.06.22"]
[Round "5"]
[White "Laptii, Nazar"]
[Black "Stsepkina, Yauheniya"]
[Result "1-0"]
[WhiteElo "1915"]
[BlackElo "1591"]
[Annotator "NA"]
[PlyCount "71"]
[EventDate "2018.06.21"]
[EventCountry "BLR"]
[SourceTitle "playchess.com"]
[Source "ChessBase"]
[SourceQuality "1"]
[TimeControl "900+10"]

1. Nf3 {[%emt 0:00:00]} Nf6 {[%emt 0:00:01]} 2. g3 {[%emt 0:00:00]} g6 {[%emt 0:00:06]} 3. Bg2 {[%emt 0:00:00]} Bg7 {[%emt 0:00:03]} 4. O-O {[%emt 0:00:00]} O-O {[%emt 0:00:02]} 5. d3 {[%emt 0:00:00]} d5 {[%emt 0:00:02]} 6. Nbd2 {[%emt 0:00:01]} c5 {[%emt 0:00:01]} 7. e4 {[%emt 0:00:01]} b6 {[%emt 0:00:13]} 8. Re1 {[%emt 0:02:22]} Nc6 {[%emt 0:01:07]} 9. c3 {[%emt 0:00:27]} Bb7 {[%emt 0:00:56]} 10. h3 {[%emt 0:00:24]} e6 {[%emt 0:01:37]} 11. e5 {[%emt 0:01:17]} Nd7 {[%emt 0:00:02]} 12. d4 {[%emt 0:00:01]} cxd4 {[%emt 0:00:02]} 13. cxd4 {[%emt 0:00:01]} Rc8 {[%emt 0:01:06]} 14. a3 {[%emt 0:00:42]} Re8 {[%emt 0:03:31]} 15. Nf1 {[%emt 0:01:48]} f6 {[%emt 0:03:03]} 16. exf6 {[%emt 0:00:57]} Bxf6 {[%emt 0:00:02]} 17. Ne3 {[%emt 0:00:31]} b5 {[%emt 0:02:50]} 18. h4 {[%emt 0:01:28]} Qb6 {[%emt 0:01:07]} 19. Nc2 {[%emt 0:04:14]} Na5 {[%emt 0:00:29]} 20. Bg5 {[%emt 0:01:52]} Nb3 {[%emt 0:01:24]} 21. Rb1 {[%emt 0:00:20]} Bg7 {[%emt 0:00:07]} 22. Re3 {[%emt 0:00:26]} Na5 {[%emt 0:00:33]} 23. Bh3 {[%emt 0:00:25]} Nc4 {[%emt 0:00:11]} 24. Re2 {[%emt 0:00:04]} Rc6 {[%emt 0:00:19]} 25. Nb4 {[%emt 0:00:12]} Rcc8 {[%emt 0:00:07]} 26. Qe1 {[%emt 0:00:18]} Nf8 {[%emt 0:00:15]} 27. Rd1 {[%emt 0:00:36]} a5 {[%emt 0:00:04]} 28. Nd3 {[%emt 0:00:21]} h6 {[%emt 0:00:13]} 29. Bf4 {[%emt 0:00:17]} Kh7 {[%emt 0:00:10]} 30. Nc5 {[%emt 0:00:09]} Bxd4 {[%emt 0:00:11]} 31. Nxb7 {[%emt 0:00:08]} Bxf2+ {[%emt 0:00:08]} 32. Qxf2 {[%emt 0:00:25]} Qxb7 {[%emt 0:00:01]} 33. Ne5 {[%emt 0:00:03]} Nxe5 {[%emt 0:00:11]} 34. Bxe5 {[%emt 0:00:04]} Re7 {[%emt 0:00:11]} 35. Qf6 {[%emt 0:00:18]} Qa7+ {[%emt 0:00:17]} 36. Bd4 {[%emt 0:00:06]} 1-0

[Event "Kupreichik Memorial Open 2018"]
[Site "Minsk"]
[Date "2018.06.22"]
[Round "5"]
[White "Gavrjuchenkova, Angelina"]
[Black "Drobyshevsky, Vasily"]
[Result "0-1"]
[WhiteElo "1900"]
[BlackElo "1551"]
[Annotator "NA"]
[PlyCount "70"]
[EventDate "2018.06.21"]
[EventCountry "BLR"]
[SourceTitle "playchess.com"]
[Source "ChessBase"]
[SourceQuality "1"]
[TimeControl "900+10"]

1. e4 {[%emt 0:00:00]} d5 {[%emt 0:00:45]} 2. exd5 {[%emt 0:00:00]} Qxd5 {[%emt 0:00:02]} 3. Nc3 {[%emt 0:00:00]} Qe5+ {[%emt 0:00:01]} 4. Be2 {[%emt 0:00:04]} Bg4 {[%emt 0:00:01]} 5. d4 {[%emt 0:00:40]} Bxe2 {[%emt 0:00:03]} 6. Ngxe2 {[%emt 0:00:15]} Qa5 {[%emt 0:00:03]} 7. O-O {[%emt 0:00:59]} Nf6 {[%emt 0:00:02]} 8. Bd2 {[%emt 0:00:34]} c6 {[%emt 0:00:02]} 9. Ng3 {[%emt 0:01:11]} e6 {[%emt 0:00:05]} 10. Nce4 {[%emt 0:02:07]} Qd8 {[%emt 0:00:03]} 11. Bg5 {[%emt 0:00:25]} Be7 {[%emt 0:00:02]} 12. c3 {[%emt 0:00:35]} Nbd7 {[%emt 0:00:11]} 13. f4 {[%emt 0:01:04]} O-O {[%emt 0:00:29]} 14. Nxf6+ {[%emt 0:01:41]} Nxf6 {[%emt 0:00:12]} 15. Bxf6 {[%emt 0:00:15]} Bxf6 {[%emt 0:00:02]} 16. Qg4 {[%emt 0:00:02]} g6 {[%emt 0:00:33]} 17. Rf3 {[%emt 0:01:20]} Rc8 {[%emt 0:02:12]} 18. Raf1 {[%emt 0:00:03]} Bg7 {[%emt 0:00:04]} 19. h4 {[%emt 0:01:37]} c5 {[%emt 0:01:02]} 20. dxc5 {[%emt 0:00:02]} Rxc5 {[%emt 0:00:02]} 21. h5 {[%emt 0:00:22]} Qb6 {[%emt 0:00:12]} 22. Kh1 {[%emt 0:00:06]} Qxb2 {[%emt 0:00:39]} 23. hxg6 {[%emt 0:00:15]} hxg6 {[%emt 0:00:14]} 24. f5 {[%emt 0:01:18]} exf5 {[%emt 0:02:32]} 25. Nxf5 {[%emt 0:01:28]} Rxf5 {[%emt 0:00:17]} 26. Rxf5 {[%emt 0:00:45]} gxf5 {[%emt 0:00:02]} 27. Qxf5 {[%emt 0:01:03]} Qxc3 {[%emt 0:00:09]} 28. Rf3 {[%emt 0:00:22]} Qe5 {[%emt 0:00:58]} 29. Qd7 {[%emt 0:00:33]} Qe1+ {[%emt 0:00:55]} 30. Kh2 {[%emt 0:00:01]} Be5+ {[%emt 0:01:08]} 31. Kh3 {[%emt 0:00:22]} Qh1+ {[%emt 0:00:19]} 32. Kg4 {[%emt 0:00:08]} Qxg2+ {[%emt 0:00:04]} 33. Kf5 {[%emt 0:00:14]} Qxf3+ {[%emt 0:00:11]} 34. Kxe5 {[%emt 0:00:01]} Qe3+ {[%emt 0:00:31]} 35. Kf6 {[%emt 0:00:37]} Qe6+ {[%emt 0:00:03]} 0-1

[Event "Kupreichik Memorial Open 2018"]
[Site "Minsk"]
[Date "2018.06.22"]
[Round "5"]
[White "Talma, Sergei"]
[Black "Tihonov, Jurij"]
[Result "1-0"]
[WhiteElo "1858"]
[BlackElo "2385"]
[Annotator "NA"]
[PlyCount "109"]
[EventDate "2018.06.21"]
[EventCountry "BLR"]
[SourceTitle "playchess.com"]
[Source "ChessBase"]
[SourceQuality "1"]
[TimeControl "900+10"]

1. d4 {[%emt 0:00:00]} d6 {[%emt 0:00:03]} 2. e4 {[%emt 0:00:00]} Nf6 {[%emt 0:00:01]} 3. Nc3 {[%emt 0:00:00]} e5 {[%emt 0:00:03]} 4. dxe5 {[%emt 0:00:00]} dxe5 {[%emt 0:00:01]} 5. Qxd8+ {[%emt 0:00:06]} Kxd8 {[%emt 0:00:01]} 6. Bg5 {[%emt 0:00:06]} Bd6 {[%emt 0:00:05]} 7. f4 {[%emt 0:00:03]} h6 {[%emt 0:00:06]} 8. fxe5 {[%emt 0:00:26]} hxg5 {[%emt 0:00:18]} 9. exd6 {[%emt 0:00:03]} cxd6 {[%emt 0:00:01]} 10. O-O-O {[%emt 0:01:25]} Ke7 {[%emt 0:00:07]} 11. Nf3 {[%emt 0:00:14]} g4 {[%emt 0:00:03]} 12. Nd4 {[%emt 0:00:22]} Nc6 {[%emt 0:00:03]} 13. Ndb5 {[%emt 0:01:11]} Be6 {[%emt 0:00:10]} 14. Nxd6 {[%emt 0:00:30]} Rab8 {[%emt 0:00:01]} 15. Bc4 {[%emt 0:05:35]} Ne5 {[%emt 0:00:12]} 16. Bb3 {[%emt 0:00:06]} a6 {[%emt 0:00:42]} 17. Nf5+ {[%emt 0:00:13]} Kf8 {[%emt 0:00:09]} 18. Nd4 {[%emt 0:00:48]} Ke7 {[%emt 0:00:18]} 19. Nf5+ {[%emt 0:00:22]} Bxf5 {[%emt 0:00:27]} 20. exf5 Rbe8 21. Nd5+ {[%emt 0:01:21]} Nxd5 {[%emt 0:00:04]} 22. Rxd5 {[%emt 0:00:01]} Kf6 {[%emt 0:00:06]} 23. Kd2 {[%emt 0:00:34]} Kxf5 {[%emt 0:00:06]} 24. Rd6 {[%emt 0:00:42]} f6 {[%emt 0:00:13]} 25. Bd5 {[%emt 0:00:42]} Rd8 {[%emt 0:00:03]} 26. Be6+ {[%emt 0:00:37]} Kg5 {[%emt 0:00:08]} 27. Rxd8 {[%emt 0:00:03]} Rxd8+ {[%emt 0:00:02]} 28. Kc3 {[%emt 0:00:05]} Kf4 {[%emt 0:00:11]} 29. b3 {[%emt 0:01:19]} Ke3 {[%emt 0:00:02]} 30. h3 {[%emt 0:00:29]} g3 {[%emt 0:00:03]} 31. Rf1 {[%emt 0:00:03]} b6 {[%emt 0:01:12]} 32. Bg4 {[%emt 0:00:27]} Rd6 {[%emt 0:00:13]} 33. Bf5 {[%emt 0:00:21]} Rd2 {[%emt 0:00:33]} 34. Re1+ {[%emt 0:00:21]} Re2 {[%emt 0:00:01]} 35. Rxe2+ {[%emt 0:00:03]} Kxe2 {[%emt 0:00:02]} 36. Be4 {[%emt 0:00:45]} g6 {[%emt 0:00:00]} 37. Kd4 {[%emt 0:00:22]} Kf2 {[%emt 0:00:29]} 38. c4 {[%emt 0:00:15]} a5 {[%emt 0:00:06]} 39. a3 {[%emt 0:00:03]} f5 {[%emt 0:00:05]} 40. Ba8 {[%emt 0:00:37]} Nf7 {[%emt 0:00:02]} 41. b4 {[%emt 0:00:08]} f4 {[%emt 0:00:03]} 42. c5 {[%emt 0:00:08]} axb4 {[%emt 0:00:02]} 43. axb4 {[%emt 0:00:01]} bxc5+ 44. bxc5 {[%emt 0:00:10]} Nd8 {[%emt 0:00:07]} 45. Ke5 {[%emt 0:00:29]} g5 {[%emt 0:00:01]} 46. Kf6 {[%emt 0:00:27]} Ke3 {[%emt 0:00:35]} 47. c6 {[%emt 0:00:22]} f3 {[%emt 0:00:03]} 48. c7 {[%emt 0:00:04]} f2 {[%emt 0:00:07]} 49. cxd8=Q {[%emt 0:00:13]} f1=Q+ {[%emt 0:00:02]} 50. Bf3 {[%emt 0:00:07]} Qb5 {[%emt 0:00:08]} 51. Qe7+ {[%emt 0:00:07]} Kf2 {[%emt 0:00:01]} 52. Qe5 {[%emt 0:00:07]} Qa6+ {[%emt 0:00:11]} 53. Kxg5 {[%emt 0:00:04]} Qc8 {[%emt 0:00:19]} 54. Be4 {[%emt 0:00:32]} Qd8+ {[%emt 0:00:12]} 55. Qf6+ {[%emt 0:00:02]} 1-0

[Event "Kupreichik Memorial Open 2018"]
[Site "Minsk"]
[Date "2018.06.22"]
[Round "5"]
[White "Papunidi, Matvey"]
[Black "Bernotas, Arturs"]
[Result "0-1"]
[WhiteElo "1751"]
[BlackElo "2410"]
[Annotator "TA"]
[PlyCount "93"]
[EventDate "2018.06.21"]
[EventCountry "BLR"]
[SourceTitle "playchess.com"]
[Source "ChessBase"]
[SourceQuality "1"]

{[%evp 15,93,10,13,0,0,7,6,6,26,29,17,16,41,11,0,0,13,6,10,0,0,-7,1,0,16,0,0,0,5,0,0,-11,0,-8,0,-5,0,0,0,0,0,0,9,10,25,0,0,0,0,0,0,0,0,-88,-83,-93,-90,-88,-58,-43,-50,-367,-300,-694,-685,-562,-470,-1619,-1521,-1664,-1654,-29968,-29969,-29970,-29969,-29967,-29968,-29971,-29969,-29978]} 1. e4 d5 2. exd5 Nf6 3. Nc3 Nxd5 4. Bc4 Nxc3 5. Qf3 e6 6. Qxc3 Nc6 7. Nf3 Qf6 8. Qxf6 {B02: Alekhine's Defence: Chase Variation and lines with early Nc3} gxf6 {LiveBook: 5 Games} 9. O-O (9. d4 Bd6 10. Bd2 Ne7 11. Bd3 Bd7 12. c4 c5 13. Bc3 cxd4 14. Nxd4 a6 15. Ne2 e5 {0-1 (29) Richtrova,E (2180)-Sergeev,V (2410) Prague 2018}) 9... b6 $146 ({Predecessor:} 9... Rg8 10. Re1 Rg4 11. Bb5 Rb4 12. Bxc6+ bxc6 13. d3 Bc5 14. b3 Bd4 15. Nxd4 Rxd4 {0-1 (31) Sevcikova,Z-Zemlickova,Z Bratislava 2002}) 10. d4 {The position is equal.} Bb7 11. d5 Na5 12. Bb5+ c6 13. dxc6 Bxc6 14. Bxc6+ Nxc6 15. Be3 Rc8 16. c3 Na5 17. Nd2 Be7 18. Rac1 O-O 19. Rfd1 Rfd8 20. Kf1 f5 21. Ke2 f6 22. f3 Kf7 23. a3 Rg8 24. Kf1 Rc7 25. b4 Nc6 26. c4 Rgc8 27. Nb3 e5 28. c5 b5 29. Ke2 Ke6 30. Rd2 a5 31. bxa5 Ra8 32. Rb2 (32. Rd3 {looks sharper.} Nxa5 33. Nxa5 Rxa5 34. Rb3 Rc6 35. Bf2) 32... Nxa5 33. Nxa5 Rxa5 34. Rcb1 (34. Rb3 $11) 34... Bxc5 $17 35. Rxb5 Rxb5 36. Rxb5 Bxe3 37. Kxe3 {[%mdl 4096] Endgame KR-KR} Rc2 38. Rb7 $2 {[%mdl 8192] [#]} (38. g3 $1 $15) 38... Rxg2 39. Rxh7 $2 (39. f4) 39... f4+ $19 {[%cal Bf5f4,Bf4f3][%mdl 32]} 40. Kd3 Rf2 41. a4 (41. Rh3 $142 Ra2 42. Rh8) 41... Rxf3+ 42. Kc4 Ra3 43. Kb4 Ra1 {Black mates.} 44. Rc7 f3 45. Rc2 e4 46. Rf2 Kf5 47. a5 {Precision: White = 31%, Black = 72%.} 0-1

[Event "Kupreichik Memorial Open 2018"]
[Site "Minsk"]
[Date "2018.06.22"]
[Round "5"]
[White "Korniichuk, Oleksandra"]
[Black "Halouchyts, Karalina"]
[Result "1-0"]
[WhiteElo "1740"]
[BlackElo "1603"]
[Annotator "NA"]
[PlyCount "109"]
[EventDate "2018.06.21"]
[EventCountry "BLR"]
[SourceTitle "playchess.com"]
[Source "ChessBase"]
[SourceQuality "1"]
[TimeControl "900+10"]

1. e4 {[%emt 0:00:00]} c6 {[%emt 0:00:01]} 2. d4 {[%emt 0:00:01]} d5 {[%emt 0:00:03]} 3. e5 {[%emt 0:00:07]} Bf5 {[%emt 0:00:04]} 4. Nd2 {[%emt 0:00:18]} h6 {[%emt 0:01:27]} 5. Nb3 {[%emt 0:00:08]} e6 {[%emt 0:00:09]} 6. Be3 {[%emt 0:00:36]} Nd7 {[%emt 0:00:08]} 7. Nf3 {[%emt 0:00:07]} Ne7 {[%emt 0:00:46]} 8. Be2 {[%emt 0:00:29]} Bh7 {[%emt 0:00:34]} 9. O-O {[%emt 0:00:29]} Nf5 {[%emt 0:00:27]} 10. Bf4 {[%emt 0:00:23]} g5 {[%emt 0:00:19]} 11. Bd2 {[%emt 0:01:01]} Be7 {[%emt 0:00:59]} 12. a4 {[%emt 0:00:46]} O-O {[%emt 0:00:35]} 13. a5 {[%emt 0:00:47]} Kh8 {[%emt 0:01:23]} 14. g4 {[%emt 0:01:32]} Ng7 {[%emt 0:00:10]} 15. h3 {[%emt 0:00:34]} f6 {[%emt 0:02:41]} 16. Kg2 {[%emt 0:02:10]} fxe5 {[%emt 0:01:42]} 17. dxe5 {[%emt 0:02:03]} Be4 {[%emt 0:00:56]} 18. Kg1 {[%emt 0:02:00]} Bxf3 {[%emt 0:01:59]} 19. Bxf3 {[%emt 0:00:02]} Nxe5 {[%emt 0:00:10]} 20. Bg2 {[%emt 0:00:38]} Ng6 {[%emt 0:00:30]} 21. Qe2 {[%emt 0:01:41]} Nf4 {[%emt 0:00:48]} 22. Bxf4 {[%emt 0:00:16]} Rxf4 {[%emt 0:00:06]} 23. c3 {[%emt 0:00:41]} Qd6 {[%emt 0:00:51]} 24. Nc1 {[%emt 0:00:22]} Bd8 {[%emt 0:01:16]} 25. Nd3 {[%emt 0:00:29]} Rf6 {[%emt 0:00:13]} 26. Rfe1 {[%emt 0:00:17]} Bc7 {[%emt 0:00:24]} 27. Ne5 {[%emt 0:00:17]} Raf8 {[%emt 0:00:21]} 28. f3 {[%emt 0:00:19]} Qc5+ {[%emt 0:00:29]} 29. Kh1 {[%emt 0:00:10]} Bxe5 {[%emt 0:00:10]} 30. Qxe5 {[%emt 0:00:04]} Qb5 {[%emt 0:00:14]} 31. Qe2 {[%emt 0:00:06]} Qxe2 {[%emt 0:00:09]} 32. Rxe2 {[%emt 0:00:01]} Ne8 {[%emt 0:00:06]} 33. Rae1 {[%emt 0:00:04]} Nc7 {[%emt 0:00:02]} 34. b3 {[%emt 0:00:07]} Kg7 {[%emt 0:00:04]} 35. Re3 {[%emt 0:00:06]} Kf7 {[%emt 0:00:18]} 36. Kh2 {[%emt 0:00:04]} Re8 {[%emt 0:00:12]} 37. Bf1 {[%emt 0:00:08]} e5 {[%emt 0:00:15]} 38. Bd3 {[%emt 0:00:34]} Rfe6 {[%emt 0:00:13]} 39. Kg3 {[%emt 0:00:10]} Kf6 {[%emt 0:00:08]} 40. Bf5 {[%emt 0:00:06]} R6e7 {[%emt 0:00:04]} 41. Bd3 {[%emt 0:00:06]} c5 {[%emt 0:00:09]} 42. R3e2 {[%emt 0:00:16]} Re6 {[%emt 0:00:20]} 43. c4 {[%emt 0:00:17]} d4 {[%emt 0:00:06]} 44. Be4 {[%emt 0:00:08]} Rb8 {[%emt 0:00:12]} 45. Ra2 {[%emt 0:00:10]} Na6 {[%emt 0:00:13]} 46. h4 {[%emt 0:00:27]} Nb4 {[%emt 0:00:03]} 47. hxg5+ {[%emt 0:00:03]} hxg5 {[%emt 0:00:02]} 48. Rh2 {[%emt 0:00:04]} Re7 {[%emt 0:00:21]} 49. Rh6+ {[%emt 0:00:13]} Kf7 {[%emt 0:00:13]} 50. Reh1 {[%emt 0:00:07]} Rf8 {[%emt 0:00:09]} 51. Bg6+ {[%emt 0:00:08]} Kf6 {[%emt 0:00:11]} 52. Be4+ {[%emt 0:00:17]} Kf7 {[%emt 0:00:07]} 53. Bg6+ {[%emt 0:00:15]} Kf6 {[%emt 0:00:09]} 54. Be8+ {[%emt 0:00:09]} Kg7 {[%emt 0:00:14]} 55. Rg6# {[%emt 0:00:08]} 1-0